World architecture : (Record no. 5811)
[ view plain ]
| 000 -LEADER | |
|---|---|
| fixed length control field | 03090cam a2200385 a 4500 |
| 001 - CONTROL NUMBER | |
| control field | 15690770 |
| 003 - CONTROL NUMBER IDENTIFIER | |
| control field | OSt |
| 005 - DATE AND TIME OF LATEST TRANSACTION | |
| control field | 20260429143907.0 |
| 008 - FIXED-LENGTH DATA ELEMENTS--GENERAL INFORMATION | |
| fixed length control field | 090407s2008 enka 001 0 eng |
| 010 ## - LIBRARY OF CONGRESS CONTROL NUMBER | |
| LC control number | 2009277802 |
| 015 ## - NATIONAL BIBLIOGRAPHY NUMBER | |
| National bibliography number | GBA8A3025 |
| Source | bnb |
| 016 7# - NATIONAL BIBLIOGRAPHIC AGENCY CONTROL NUMBER | |
| Record control number | 014702164 |
| Source | Uk |
| 020 ## - INTERNATIONAL STANDARD BOOK NUMBER | |
| International Standard Book Number | 9780500342749 |
| Qualifying information | hbk. |
| 020 ## - INTERNATIONAL STANDARD BOOK NUMBER | |
| International Standard Book Number | 0500342482 |
| Qualifying information | hbk. |
| 035 ## - SYSTEM CONTROL NUMBER | |
| System control number | 15690770 |
| 035 ## - SYSTEM CONTROL NUMBER | |
| System control number | (OCoLC)227016790 |
| 040 ## - CATALOGING SOURCE | |
| Original cataloging agency | UKM |
| Transcribing agency | Foundation University |
| 042 ## - AUTHENTICATION CODE | |
| Authentication code | lccopycat |
| 050 00 - LIBRARY OF CONGRESS CALL NUMBER | |
| Classification number | NA 200 |
| Item number | .P79 2008 |
| 100 1# - MAIN ENTRY--PERSONAL NAME | |
| Personal name | Pryce, Will. |
| 9 (RLIN) | 15687 |
| 245 10 - TITLE STATEMENT | |
| Title | World architecture : |
| Remainder of title | the masterworks / |
| Statement of responsibility, etc. | Will Pryce. |
| 260 ## - PUBLICATION, DISTRIBUTION, ETC. | |
| Place of publication, distribution, etc. | London: |
| Name of publisher, distributor, etc. | Thames & Hudson, |
| Date of publication, distribution, etc. | 2008 |
| 264 ## - PRODUCTION, PUBLICATION, DISTRIBUTION, MANUFACTURE, AND COPYRIGHT NOTICE | |
| Copyright Date | 2008 |
| 300 ## - PHYSICAL DESCRIPTION | |
| Extent | 313 p. : |
| Other physical details | col. ill. ; |
| Dimensions | 32 cm. |
| Materials specified | books |
| Type of unit | books |
| 336 ## - CONTENT TYPE | |
| Content type term | text |
| Content type code | txt |
| Source | rdacontent |
| Materials specified | books |
| 337 ## - MEDIA TYPE | |
| Media type term | unmediated |
| Media type code | n |
| Source | rdamedia |
| Materials specified | books |
| 338 ## - CARRIER TYPE | |
| Carrier type term | volume |
| Carrier type code | nc |
| Source | rdacarrier |
| Materials specified | books |
| 500 ## - GENERAL NOTE | |
| General note | Includes index. |
| 505 0# - FORMATTED CONTENTS NOTE | |
| Formatted contents note | Pt. 1. Up to 1500: Hagia Sophia Istanbul Turkey -- Palatine Chapel Aachen Germany -- Loro Jonggrang Prambanan Java -- Kandariya Mahadeva Temple Khajuraho India -- Abbey Church of Sainte-Foy Conques France -- Pisa Cathedral, Baptistry and Tower Pisa Italy -- Friday Mosque Isfahan Iran -- Catherdral of Santiago Santiago de Compostela Spain -- Ely Cathedral Ely England -- Durham Cathedral Durham England -- Modena Cathedral Modena Italy -- Angkor Wat Angkor Cambodia -- Canterbury Cathedral Canterbury England -- Laon Cathedral Laon France -- Wells Cathedral Wells England -- Bourges Cathedral Bourges France -- Htilominio Temple Pagan Burma -- Reims Cathedral Reims France -- Amiens Cathedral Amiens France -- Burgos Cathedral Burgos Spain -- Registan Samarkand Uzbekistan -- Forbidden City Beijing China -- King's College Chapel Cambridge England -- pt. 2. After 1500: Santa Maria della Consolazione Todi Italy -- Süleymaniye Mosque Istanbul Turkey -- Agra Fort Agra India -- Humayun's Tomb Delhi India -- San Giorgio Maggiore Venice Italy -- Selimiye Mosque Edirne Turkey -- Golden Temple Amritsar India -- Blue Mosque Isfahan Iran -- Shah Mosque Isfahan Iran -- Itmad-Ud-Daulah's tomb Agra India -- Santa Maria della Salute Venice Italy -- Tah Mahal Agra India -- San Carlo alle Quattro Fontane Rome Italy -- Jama Masjid Delhi India -- St Paul's Cathedral London England -- Chatsworth House Derbyshire England -- Blenheim Palace Oxfordshire England -- Cathedral of the Transfiguration Kizhi Russia -- Basilica of the Vierzehnheiligen near Bamberg Germany -- Pilgrimage Church Wies Germany -- Houses of Parliament London England -- Galss House New Canaan USA -- Notre-Dame du Haut Ronchamp France -- Seagram Building New York USA -- Salk Institute La Jolla USA -- Guggenheim Museum Bilbao Spain. |
| 650 #0 - SUBJECT ADDED ENTRY--TOPICAL TERM | |
| Topical term or geographic name entry element | Architecture |
| General subdivision | History. |
| 9 (RLIN) | 15688 |
| 906 ## - LOCAL DATA ELEMENT F, LDF (RLIN) | |
| a | 7 |
| b | cbc |
| c | copycat |
| d | 2 |
| e | ncip |
| f | 20 |
| g | y-gencatlg |
| 942 ## - ADDED ENTRY ELEMENTS (KOHA) | |
| Source of classification or shelving scheme | Library of Congress Classification |
| Koha item type | Books |
| Classification part | NA 200 |
| Item part | .2008 P79 |
| Call number prefix | (DAFA-Arch) |
| Withdrawn status | Lost status | Source of classification or shelving scheme | Damaged status | Not for loan | Collection code | Home library | Current library | Shelving location | Date acquired | Source of acquisition | Total Checkouts | Full call number | Barcode | Date last seen | Price effective from | Koha item type | Accession Number |
|---|---|---|---|---|---|---|---|---|---|---|---|---|---|---|---|---|---|
| Library of Congress Classification | Non-fiction | Foundation University Library | Foundation University Library | DoArchitecture & Fine Arts | 04/29/2026 | Donations | (DAFA-Arch) NA 200 .2008 P79 | 0052026003007 | 04/29/2026 | 04/29/2026 | Books | DAFA-Archi-2026007 |
